000 00576nam a2200229Ia 4500
003 OSt
005 20220924133544.0
006 a|||||r|||| 00| 0
007 ta
008 220923b |||||||| |||| 00| 0 urd d
024 _a266824
037 _cTextual
040 _aARTS
_cARTS
_burd
041 _2urd
_aurd
082 _aO168m2,N2, N47
100 _aSiddiqi Rashid Ahmad
245 0 _aSaheel ki sirguzast
260 _c1947
650 _aURDU LITERATURE
942 _hO168m2,N2, N47
_cTEXL
_2CC
999 _c434225
_d434225